[Event "Karvina op"]
[Site "Karvina"]
[Date "2010.07.11"]
[Round "9"]
[White "Heczko, Mieczyslaw"]
[Black "Neumann, Joachim"]
[Result "1/2-1/2"]
[WhiteElo "1920"]
[BlackElo "2135"]
[PlyCount "126"]
[EventDate "2010.07.03"]
[EventType "swiss"]
[EventRounds "9"]
[EventCountry "CZE"]
[SourceTitle "EXT 2011"]
[Source "ChessBase"]
[SourceDate "2010.11.26"]
[SourceVersion "1"]
[SourceVersionDate "2010.11.26"]
[SourceQuality "1"]

1. Nf3 c5 2. c4 g6 3. Nc3 Bg7 4. e3 d6 5. d4 Nd7 6. Qa4 cxd4 7. exd4 Ngf6 8. Be2 0-0 9. Qc2 b6 10. Bg5 Bb7 11. 0-0 Rc8 12. Qb3 h6 13. Bf4 Ne4 14. Nxe4 Bxe4 15. Be3 d5 16. Rac1 Nf6 17. Ne5 dxc4 18. Bxc4 Bd5 19. f3 Bxc4 20. Rxc4 Rxc4 21. Qxc4 Nd5 22. Bf2 Qd6 23. Re1 e6 24. a3 Ne7 25. Bg3 Rc8 26. Qa4 Nf5 27. Bf2 Rd8 28. Qxa7 Ne7 29. Qa4 Nf5 30. Qa7 Ne7 31. f4 b5 32. Qb7 Rb8 33. Qa7 g5 34. fxg5 hxg5 35. Bg3 Rd8 36. Bf2 f6 37. Nd3 Nc6 38. Qb6 Nxd4 39. Qxd6 Rxd6 40. Nc5 e5 41. Ne4 Rd8 42. Kf1 Kf7 43. Rc1 Bf8 44. Rc7+ Ke6 45. Ke1 b4 46. a4 b3 47. Bxd4 Rxd4 48. Nc3 Bb4 49. Rb7 Bxc3+ 50. bxc3 Rxa4 51. Rxb3 Ra2 52. Kf1 g4 53. c4 Rc2 54. Rb4 Kf5 55. h4 gxh3 56. gxh3 Kf4 57. h4 Rh2 58. c5+ e4 59. Rc4 Rxh4 60. c6 Rh8 61. c7 Rc8 62. Ke2 Ke5 63. Ke3 Kd5 1/2-1/2

[Event "Karvina op"]
[Site "Karvina"]
[Date "2007.??.??"]
[Round "8"]
[White "Heczko, Mieczyslaw"]
[Black "Broda, Michal"]
[Result "1-0"]
[WhiteElo "1932"]
[BlackElo "1930"]
[PlyCount "43"]
[EventDate "2007.07.??"]
[EventType "swiss"]
[EventRounds "9"]
[EventCountry "CZE"]
[SourceTitle "EXT 2010"]
[Source "ChessBase"]
[SourceDate "2010.11.25"]
[SourceVersion "1"]
[SourceVersionDate "2010.11.25"]
[SourceQuality "1"]

1. e4 e5 2. Nf3 Nc6 3. Bc4 Nf6 4. d3 Bc5 5. 0-0 0-0 6. c3 Bb6 7. Bg5 d6 8. Nbd2 Be6 9. b4 a6 10. a4 Kh8 11. Qb3 Qd7 12. a5 Ba7 13. Bxe6 fxe6 14. b5 axb5 15. Qxb5 Ng4 16. d4 exd4 17. cxd4 Qf7 18. h3 Nxf2 19. Be3 Nxh3+ 20. gxh3 e5 21. Nxe5 Qh5 22. Nf7+ 1-0

[Event "Karvina op"]
[Site "Karvina"]
[Date "2007.??.??"]
[Round "4"]
[White "Heczko, Mieczyslaw"]
[Black "Kawulok, Marek"]
[Result "0-1"]
[WhiteElo "1932"]
[BlackElo "1739"]
[PlyCount "86"]
[EventDate "2007.07.??"]
[EventType "swiss"]
[EventRounds "9"]
[EventCountry "CZE"]
[SourceTitle "EXT 2010"]
[Source "ChessBase"]
[SourceDate "2010.11.25"]
[SourceVersion "1"]
[SourceVersionDate "2010.11.25"]
[SourceQuality "1"]

1. e4 e5 2. Nf3 Nc6 3. Bc4 Bc5 4. c3 Nf6 5. d4 exd4 6. cxd4 Bb4+ 7. Bd2 Bxd2+ 8. Nbxd2 d5 9. exd5 Nxd5 10. 0-0 0-0 11. h3 Nf4 12. Ne4 Bf5 13. Ng3 Bg6 14. Qd2 Qf6 15. Kh2 Rad8 16. Rad1 Rd6 17. Rfe1 Rfd8 18. Qe3 h5 19. h4 Nxd4 20. Rxd4 Rxd4 21. b3 R4d6 22. Ng5 Ne6 23. Bxe6 fxe6 24. N3e4 Bxe4 25. Qxe4 Qf5 26. Qe3 b6 27. Re2 Rd3 28. Qc1 Qg4 29. Nf3 c5 30. Re3 Qf4+ 31. g3 Qf6 32. Qe1 b5 33. Qe2 c4 34. Kg2 Rxe3 35. fxe3 Qc3 36. Nd4 Qd3 37. Qxh5 Qxe3 38. Nf3 Qe2+ 39. Kh3 Rf8 40. Qxb5 Qxf3 41. bxc4 Qf5+ 42. Kh2 Qxb5 43. cxb5 Rb8 0-1

[Event "Karvina op"]
[Site "Karvina"]
[Date "2007.??.??"]
[Round "7"]
[White "Mrazek, Lumir"]
[Black "Heczko, Mieczyslaw"]
[Result "0-1"]
[WhiteElo "2035"]
[BlackElo "1930"]
[PlyCount "168"]
[EventDate "2007.07.??"]
[EventType "swiss"]
[EventRounds "9"]
[EventCountry "CZE"]
[SourceTitle "EXT 2010"]
[Source "ChessBase"]
[SourceDate "2010.11.25"]
[SourceVersion "1"]
[SourceVersionDate "2010.11.25"]
[SourceQuality "1"]

1. e4 e5 2. f4 exf4 3. Nf3 Be7 4. Bc4 Bh4+ 5. Kf1 d6 6. d4 Be6 7. Bxe6 fxe6 8. Bxf4 Bf6 9. c3 Qd7 10. e5 dxe5 11. Nxe5 Bxe5 12. Bxe5 Nf6 13. Kg1 0-0 14. h3 Nc6 15. Qe2 Ne7 16. Kh2 Ng6 17. Re1 Nxe5 18. Qxe5 Rae8 19. Nd2 Nd5 20. Nf3 Rf5 21. Qe4 Rf4 22. Qe2 Qd6 23. Ne5 Ref8 24. Rf1 R4f6 25. Rfe1 Rf2 26. Qb5 Nf4 27. Rg1 c6 28. Qb3 Nd3 29. Kh1 Rxb2 30. Qa4 Nxe5 31. dxe5 Qxe5 32. Qa3 Rff2 33. Qxa7 Qg3 34. Qa8+ Kf7 35. Raf1 Ke7 36. Rxf2 Qxf2 37. Qg8 Qf6 38. Qxh7 Qxc3 39. Qh4+ Qf6 40. Qa4 Qf2 41. Qa5 Kf6 42. a3 Kg6 43. Qe5 Qf6 44. Qg3+ Kh7 45. Qd3+ Kg8 46. Rf1 Rf2 47. Rb1 Qf7 48. Qd8+ Qf8 49. Qxf8+ Kxf8 50. Rxb7 Ra2 51. Rc7 Rxa3 52. Rxc6 Kf7 53. Kh2 Kf6 54. Rc8 Kf5 55. Rf8+ Ke4 56. Rg8 Ra7 57. Kg3 Rf7 58. Ra8 Rd7 59. Ra4+ Ke3 60. Ra3+ Rd3 61. Ra7 g6 62. Rg7 e5 63. Rxg6 Ke2+ 64. Kh2 e4 65. Ra6 e3 66. Kg3 Ke1 67. Ra1+ Rd1 68. Ra2 e2 69. Kf3 Rd3+ 70. Ke4 Rg3 71. Kf4 Rxg2 72. Ra1+ Kf2 73. Ra2 Rg8 74. h4 Rh8 75. Kg5 Re8 76. h5 Kf3 77. Rxe2 Rxe2 78. Kg6 Kg4 79. h6 Re6+ 80. Kg7 Kg5 81. h7 Re7+ 82. Kg8 Kg6 83. h8N+ Kf6 84. Kf8 Ra7 0-1

[Event "Karvina op"]
[Site "Karvina"]
[Date "2007.??.??"]
[Round "9"]
[White "Olsar, Zdenek"]
[Black "Heczko, Mieczyslaw"]
[Result "1-0"]
[WhiteElo "2071"]
[BlackElo "1932"]
[PlyCount "109"]
[EventDate "2007.07.??"]
[EventType "swiss"]
[EventRounds "9"]
[EventCountry "CZE"]
[SourceTitle "EXT 2010"]
[Source "ChessBase"]
[SourceDate "2010.11.25"]
[SourceVersion "1"]
[SourceVersionDate "2010.11.25"]
[SourceQuality "1"]

1. e4 e5 2. Nf3 Nc6 3. Bb5 d6 4. d4 exd4 5. Nxd4 Bd7 6. Nc3 Nf6 7. Bg5 Be7 8. Qd2 0-0 9. 0-0-0 Nxd4 10. Qxd4 Bxb5 11. Nxb5 a6 12. Nc3 Nd7 13. Bxe7 Qxe7 14. Nd5 Qd8 15. f4 Re8 16. Rhe1 a5 17. Re3 b5 18. Rg3 g6 19. h4 c6 20. Ne3 Qxh4 21. Rf3 d5 22. exd5 c5 23. Qd2 Re4 24. g3 Qe7 25. d6 Qe6 26. Qd5 Rb8 27. Qxe6 fxe6 28. Ng4 Kg7 29. Re3 Rxe3 30. Nxe3 h5 31. b3 Kf6 32. c4 b4 33. Kc2 Ra8 34. Kd3 a4 35. Ke4 axb3 36. axb3 Ra3 37. g4 h4 38. g5+ Kg7 39. Ng4 h3 40. Ne5 Nxe5 41. fxe5 h2 42. Ke3 Kf7 43. d7 Ra8 44. Rh1 Ke7 45. Rxh2 Kxd7 46. Rh7+ Kc6 47. Re7 Ra3 48. Rxe6+ Kd7 49. Rd6+ Ke7 50. Rd3 Ke6 51. Ke4 Ra6 52. Rf3 Ra3 53. Rf6+ Ke7 54. Kd5 Rxb3 55. Kxc5 1-0

[Event "Karvina op"]
[Site "Karvina"]
[Date "2007.??.??"]
[Round "3"]
[White "Pecha, Tomas"]
[Black "Heczko, Mieczyslaw"]
[Result "1-0"]
[WhiteElo "2204"]
[BlackElo "1932"]
[PlyCount "77"]
[EventDate "2007.07.??"]
[EventType "swiss"]
[EventRounds "9"]
[EventCountry "CZE"]
[SourceTitle "EXT 2010"]
[Source "ChessBase"]
[SourceDate "2010.11.25"]
[SourceVersion "1"]
[SourceVersionDate "2010.11.25"]
[SourceQuality "1"]

1. e4 e5 2. Nf3 Nc6 3. Bb5 d6 4. Nc3 Bd7 5. d4 exd4 6. Nxd4 Nf6 7. 0-0 Be7 8. Nxc6 bxc6 9. Bd3 h6 10. f4 0-0 11. h3 Re8 12. Qf3 Nh7 13. Kh2 Bf6 14. Ne2 Rb8 15. c3 c5 16. Ng3 Rb6 17. Rb1 Be6 18. c4 Qe7 19. Nh5 Bd4 20. Qg3 Kh8 21. f5 Be5 22. Bf4 Bxf4 23. Rxf4 g5 24. fxe6 fxe6 25. Rf2 Rbb8 26. Rbf1 Rf8 27. e5 Rxf2 28. Rxf2 d5 29. Bxh7 Qxh7 30. Qf3 Qg6 31. Qf8+ Rxf8 32. Rxf8+ Qg8 33. Rxg8+ Kxg8 34. Nf6+ Kf7 35. g4 d4 36. Ne4 Ke7 37. Nxc5 a5 38. Kg3 c6 39. Kf3 1-0

[Event "Karvina op"]
[Site "Karvina"]
[Date "2006.07.??"]
[Round "2"]
[White "Heczko, Mieczyslaw"]
[Black "Lipus, Drahomir"]
[Result "1-0"]
[WhiteElo "1943"]
[BlackElo "1540"]
[PlyCount "75"]
[EventDate "2006.07.??"]
[EventType "swiss"]
[EventRounds "7"]
[EventCountry "CZE"]
[SourceTitle "EXT 2008"]
[Source "ChessBase"]
[SourceDate "2007.11.25"]
[SourceVersion "1"]
[SourceVersionDate "2007.11.25"]
[SourceQuality "1"]

1. e4 c5 2. Nf3 d6 3. d4 cxd4 4. Nxd4 Nf6 5. Nc3 a6 6. a4 e6 7. Bd3 Be7 8. 0-0 Nc6 9. Nxc6 bxc6 10. Qe2 Qc7 11. Be3 0-0 12. a5 Nd7 13. f4 Re8 14. Na4 c5 15. Nc3 Bf6 16. Nd1 Bb7 17. c3 g6 18. Qg4 Bg7 19. Nf2 Kh8 20. Qg3 f5 21. Bd2 c4 22. Bc2 Nc5 23. exf5 exf5 24. Be3 Ne6 25. Bb6 Qc6 26. Ba4 Qxg2+ 27. Qxg2 Bxg2 28. Kxg2 Nxf4+ 29. Kf3 Nd3 30. Bxe8 Rxe8 31. Nxd3 cxd3 32. Rfe1 Be5 33. Rad1 g5 34. Rxd3 g4+ 35. Kg2 f4 36. Rxd6 f3+ 37. Kf1 Kg7 38. Rd5 1-0

[Event "Karvina op"]
[Site "Karvina"]
[Date "2006.07.??"]
[Round "5"]
[White "Heczko, Mieczyslaw"]
[Black "Novak, Jiri"]
[Result "0-1"]
[WhiteElo "1943"]
[BlackElo "2074"]
[PlyCount "72"]
[EventDate "2006.07.??"]
[EventType "swiss"]
[EventRounds "7"]
[EventCountry "CZE"]
[SourceTitle "EXT 2008"]
[Source "ChessBase"]
[SourceDate "2007.11.25"]
[SourceVersion "1"]
[SourceVersionDate "2007.11.25"]
[SourceQuality "1"]

1. e4 e5 2. Nf3 Nc6 3. d4 exd4 4. Nxd4 Nf6 5. Nxc6 bxc6 6. Bg5 Be7 7. e5 Nd5 8. Bd2 0-0 9. c4 Nb6 10. Nc3 Re8 11. Be2 Bc5 12. Bf4 Ba6 13. b3 Bb4 14. Rc1 d5 15. exd6 Qf6 16. Bd2 Qe5 17. Rc2 Nxc4 18. d7 Nxd2 19. dxe8Q+ Rxe8 20. Qxd2 Bxe2 21. Qxe2 Bxc3+ 22. Kf1 Qb5 23. a4 Qd3 24. f4 Rxe2 25. Rxe2 h5 26. Kf2 Bd4+ 27. Kf1 Be3 28. b4 Qd4 29. h4 Qxf4+ 30. Ke1 Qxb4+ 31. Kf1 Qb1+ 32. Re1 Qd3+ 33. Re2 f5 34. Rh3 f4 35. Rf3 c5 36. g3 Qd1+ 0-1

[Event "Karvina op"]
[Site "Karvina"]
[Date "2006.07.??"]
[Round "1"]
[White "Kiss, Pal"]
[Black "Heczko, Mieczyslaw"]
[Result "1-0"]
[WhiteElo "2397"]
[BlackElo "1943"]
[PlyCount "55"]
[EventDate "2006.07.??"]
[EventType "swiss"]
[EventRounds "7"]
[EventCountry "CZE"]
[SourceTitle "EXT 2008"]
[Source "ChessBase"]
[SourceDate "2007.11.25"]
[SourceVersion "1"]
[SourceVersionDate "2007.11.25"]
[SourceQuality "1"]

1. d4 Nf6 2. c4 e6 3. Nf3 d5 4. Nc3 c6 5. e3 Be7 6. Bd3 Nbd7 7. 0-0 Qc7 8. b3 Nf8 9. Bb2 Ng6 10. Re1 0-0 11. e4 dxe4 12. Nxe4 Nxe4 13. Bxe4 Bf6 14. Qc2 Qf4 15. Rad1 Qg4 16. Ne5 Bxe5 17. dxe5 f5 18. exf6 gxf6 19. Rd3 f5 20. Rg3 Qh4 21. Qc3 Qe7 22. Qh8+ Kf7 23. Qxh7+ Ke8 24. Qxg6+ Qf7 25. Bxf5 Kd8 26. Qxf7 Rxf7 27. Bxe6 Bxe6 28. Rg8+ 1-0

[Event "Karvina op"]
[Site "Karvina"]
[Date "2006.07.??"]
[Round "3"]
[White "Pazdziora, Michal"]
[Black "Heczko, Mieczyslaw"]
[Result "1-0"]
[WhiteElo "2151"]
[BlackElo "1943"]
[PlyCount "51"]
[EventDate "2006.07.??"]
[EventType "swiss"]
[EventRounds "7"]
[EventCountry "CZE"]
[SourceTitle "EXT 2008"]
[Source "ChessBase"]
[SourceDate "2007.11.25"]
[SourceVersion "1"]
[SourceVersionDate "2007.11.25"]
[SourceQuality "1"]

1. d4 f5 2. c4 e6 3. Nc3 b6 4. e4 Bb7 5. Bd3 Nf6 6. f3 fxe4 7. fxe4 Be7 8. e5 Bxg2 9. exf6 Bxf6 10. Qh5+ Kf8 11. Be4 Bxh1 12. Bxh1 Bh4+ 13. Ke2 c6 14. Bf4 Bf6 15. Rf1 Kg8 16. Ne4 Bxd4 17. Be5 g6 18. Qf3 Qe7 19. Nf6+ Kg7 20. Nd5+ Bxe5 21. Nxe7 Na6 22. Qf7+ Kh6 23. Rf3 Nc5 24. Rh3+ Kg5 25. Nf3+ Kg4 26. Rh4# 1-0

[Event "Pobeskydy Radegast 17th"]
[Site "Frydek Mistek"]
[Date "2006.04.13"]
[Round "1"]
[White "Schwarz, Dusan"]
[Black "Heczko, Mieczyslaw"]
[Result "1-0"]
[WhiteElo "2300"]
[BlackElo "1970"]
[PlyCount "89"]
[EventDate "2006.04.13"]
[EventType "swiss"]
[EventRounds "9"]
[EventCountry "CZE"]
[SourceTitle "CBM 111 Extra"]
[Source "ChessBase"]
[SourceDate "2006.05.09"]
[SourceVersion "1"]
[SourceVersionDate "2006.05.09"]
[SourceQuality "1"]

1. Nf3 Nf6 2. c4 c5 3. Nc3 e6 4. g3 Nc6 5. Bg2 d5 6. cxd5 exd5 7. d4 c4 8. 0-0 Be7 9. Ne5 0-0 10. Nxc6 bxc6 11. e4 Be6 12. e5 Ne8 13. b3 cxb3 14. Qxb3 Rb8 15. Qa4 Qd7 16. Ba3 Bxa3 17. Qxa3 f6 18. f4 g6 19. Na4 Ng7 20. Nc5 Qe7 21. Rfe1 Bf5 22. Rad1 Rb5 23. exf6 Qxf6 24. Qxa7 Rb4 25. Re5 g5 26. fxg5 Qxg5 27. Qa3 Rfb8 28. Bf1 Qg4 29. Be2 Qh3 30. Na6 Be4 31. Rxe4 dxe4 32. Nxb4 Qh6 33. Nc2 Nf5 34. Rf1 Qh3 35. Qc1 e3 36. Nxe3 Nxg3 37. hxg3 Qxg3+ 38. Ng2 Re8 39. Bc4+ Kh8 40. Qh6 Qg7 41. Qxg7+ Kxg7 42. Rf7+ Kg6 43. Nf4+ Kh6 44. Ne6 c5 45. Rf6+ 1-0

[Event "Karvina op"]
[Site "Karvina"]
[Date "2005.07.06"]
[Round "5"]
[White "Heczko, Mieczyslaw"]
[Black "Kraus, Frantisek"]
[Result "1-0"]
[WhiteElo "1899"]
[BlackElo "2115"]
[PlyCount "105"]
[EventDate "2005.07.02"]
[EventType "swiss"]
[EventRounds "9"]
[EventCountry "CZE"]
[SourceTitle "CBM 107 Extra"]
[Source "ChessBase"]
[SourceDate "2005.09.01"]
[SourceVersion "1"]
[SourceVersionDate "2005.09.01"]
[SourceQuality "1"]

1. e4 Nf6 2. e5 Nd5 3. d4 d6 4. exd6 exd6 5. c4 Nf6 6. Nc3 Be7 7. Bd3 Nc6 8. Nge2 0-0 9. 0-0 Re8 10. h3 h6 11. Be3 Bf8 12. Rc1 g6 13. Qd2 Kh7 14. a3 Bg7 15. Nf4 Ne7 16. Ncd5 Bf5 17. Rfe1 Bxd3 18. Qxd3 Nf5 19. Re2 c6 20. Nc3 Qd7 21. Ree1 Re7 22. Bd2 Rae8 23. Rxe7 Rxe7 24. Re1 Rxe1+ 25. Bxe1 d5 26. c5 Qe7 27. Bd2 Ne4 28. Be3 Nxc3 29. bxc3 Kg8 30. Kf1 h5 31. Bd2 Bh6 32. a4 Qc7 33. g3 Qd7 34. Kg2 Ng7 35. Nxg6 Bxd2 36. Ne5 Qf5 37. Qxd2 Qe4+ 38. Nf3 Ne6 39. h4 Qg6 40. Ng5 Kf8 41. Qe3 Nxg5 42. hxg5 Qf5 43. Qf4 Qd3 44. Qd6+ Kg8 45. Qd8+ Kh7 46. Qf6 Qe4+ 47. Qf3 Kg6 48. Qxe4+ dxe4 49. c4 Kxg5 50. d5 Kf6 51. d6 b6 52. cxb6 axb6 53. c5 1-0

[Event "Karvina op"]
[Site "Karvina"]
[Date "2005.07.05"]
[Round "4"]
[White "Stanisz, Patryk"]
[Black "Heczko, Mieczyslaw"]
[Result "1-0"]
[WhiteElo "2153"]
[BlackElo "1899"]
[PlyCount "108"]
[EventDate "2005.07.02"]
[EventType "swiss"]
[EventRounds "9"]
[EventCountry "CZE"]
[SourceTitle "CBM 107 Extra"]
[Source "ChessBase"]
[SourceDate "2005.09.01"]
[SourceVersion "1"]
[SourceVersionDate "2005.09.01"]
[SourceQuality "1"]

1. d4 f5 2. c4 Nf6 3. g3 d5 4. Bg2 c6 5. Nh3 Be6 6. Nf4 Bf7 7. cxd5 Nxd5 8. 0-0 e6 9. Nd3 Nd7 10. Nc3 h5 11. e4 fxe4 12. Nxe4 h4 13. Bg5 N7f6 14. Re1 hxg3 15. hxg3 Be7 16. Nec5 Qc8 17. Qe2 Nc7 18. Rac1 0-0 19. Bh3 Nfd5 20. Bxe7 Nxe7 21. Ne5 Be8 22. Nc4 Nf5 23. Bxf5 exf5 24. Nd6 Qd8 25. Ncxb7 Qd7 26. Qe7 Qxe7 27. Rxe7 Nd5 28. Rxe8 Raxe8 29. Nxe8 Rxe8 30. Nd6 Rf8 31. Rxc6 f4 32. Rc8 fxg3 33. fxg3 Ne3 34. b3 a6 35. Rxf8+ Kxf8 36. Kf2 Nd5 37. a3 g6 38. Ke2 Ke7 39. Ne4 Nc7 40. Kd3 Ke6 41. Kc4 Kf5 42. Nf2 Ke6 43. Kc5 Nd5 44. a4 Ne3 45. Kc6 a5 46. Nd3 g5 47. Nc5+ Kf5 48. d5 g4 49. d6 Kf6 50. d7 Ke7 51. Nb7 Ke6 52. d8Q Nf5 53. Nc5+ Kf7 54. Qd5+ Kf6 1-0

[Event "Karvina op"]
[Site "Karvina"]
[Date "2005.07.04"]
[Round "3"]
[White "Heczko, Mieczyslaw"]
[Black "Urbanski, Grzegorz"]
[Result "1-0"]
[WhiteElo "1899"]
[BlackElo "2100"]
[PlyCount "83"]
[EventDate "2005.07.02"]
[EventType "swiss"]
[EventRounds "9"]
[EventCountry "CZE"]
[SourceTitle "CBM 107 Extra"]
[Source "ChessBase"]
[SourceDate "2005.09.01"]
[SourceVersion "1"]
[SourceVersionDate "2005.09.01"]
[SourceQuality "1"]

1. e4 e6 2. Nf3 d5 3. exd5 exd5 4. d4 Bd6 5. h3 Ne7 6. Bd3 Nbc6 7. c3 Be6 8. a4 h6 9. 0-0 Qd7 10. Re1 0-0-0 11. Ne5 Bxe5 12. dxe5 g5 13. Nd2 Rdg8 14. b4 g4 15. h4 g3 16. f4 Nf5 17. Nf3 Qd8 18. Bxf5 Bxf5 19. a5 Be4 20. Be3 a6 21. b5 axb5 22. a6 bxa6 23. Rxa6 Kb7 24. Ra1 Qe7 25. Qe2 Kc8 26. Qxb5 d4 27. Nxd4 Qxh4 28. Re2 Nd8 29. Rea2 c6 30. Ra8+ Kd7 31. R1a7+ Ke8 32. Qe2 Kf8 33. e6 Kg7 34. Kf1 c5 35. Rc8 Re8 36. Rxc5 Nxe6 37. Nf5+ Bxf5 38. Rxf5 Qh1+ 39. Bg1 Ng5 40. Re5 Ra8 41. Rxg5+ hxg5 42. Qe5+ 1-0

[Event "Karvina op"]
[Site "Karvina"]
[Date "2002.??.??"]
[Round "2.21"]
[White "Heczko, Mieczyslaw"]
[Black "Zimniok, Lubomir"]
[Result "0-1"]
[WhiteElo "2012"]
[BlackElo "2170"]
[PlyCount "62"]
[EventDate "2002.06.25"]
[EventType "swiss"]
[EventRounds "9"]
[EventCountry "CZE"]
[SourceTitle "EXT 2003"]
[Source "ChessBase"]
[SourceDate "2002.11.25"]
[SourceVersion "1"]
[SourceVersionDate "2002.11.25"]
[SourceQuality "1"]

1. e4 c5 2. Nf3 d6 3. d4 cxd4 4. Nxd4 Nf6 5. Nc3 a6 6. Bd3 e5 7. Nde2 Be7 8. 0-0 0-0 9. f4 b5 10. Qe1 Nbd7 11. Ng3 Nc5 12. Be2 b4 13. fxe5 dxe5 14. Nd5 Nxd5 15. exd5 Rb8 16. Bc4 Bd6 17. b3 f5 18. Bd2 f4 19. Ne4 Nxe4 20. Qxe4 Bf5 21. Qe2 Qh4 22. Be1 Qh6 23. Bxa6 e4 24. Bc4 f3 25. gxf3 exf3 26. Rxf3 Bg4 27. Rxf8+ Rxf8 28. Bd2 Bc5+ 29. Kh1 Bxe2 30. d6+ Bxc4 31. bxc4 Qh3 0-1